Obálka Náhled e-knihy:
PDF Epub
Pro půjčování e-knih musíte být přihlášeni.
Jak si půjčit online?

Jak se chtěl čaroděj stát kouzelníkem /

Vyprávění o malém čaroději, který nechce být čarodějem, jak si přejí jeho rodiče, ale touží se stát kouzelníkem, aby lidem pomáhal.

Uloženo v:
Série:Čteme sami - genetická metoda, část 0
Hlavní autor: Hoštičková, Lenka, 1983- (Autor)
Další autoři: Vostrý, Mirek, 1974- (Autor)
Médium: E-kniha
Jazyk:Czech
Vydáno: V Praze : Fragment, 2021
Edice:Čteme sami. Genetická metoda
Témata:
Příbuzné jednotky:Z cyklu:: Čteme sami - genetická metoda
Tagy:
Žádné tagy
LEADER 02644nam a2200517 i 4500
001 311455
003 CZ PrSKC
005 20260601215705.0
007 ta
008 211104s2021 xr a b 000 j cze
015 |a cnb003368329 
020 |a 9788025354582  |q (vázáno) :  |c Kč 229,00 
035 |a (OCoLC)1291384181 
040 |a ABG001  |b cze  |e rda 
072 7 |a 821.162.3-3  |x Česká próza  |2 Konspekt 
072 7 |a 821-93  |x Literatura pro děti a mládež (beletrie)  |2 Konspekt 
080 |a 821.162.3-32  |2 MRF 
080 |a 821-93  |2 MRF 
080 |a 37.016:028-028.31  |2 MRF 
080 |a (0:82-32)  |2 MRF 
100 1 |a Hoštičková, Lenka,  |d 1983-  |7 jo20211116912  |4 aut 
245 1 0 |a Jak se chtěl čaroděj stát kouzelníkem /  |c napsala Lenka Hoštičková ; ilustroval Mirek Vostrý 
264 1 |a V Praze :  |b Fragment,  |c 2021 
300 |a 56 stran :  |b barevné ilustrace ;  |c 23 cm 
336 |a text  |b txt  |2 rdacontent 
336 |a statický obraz  |b sti  |2 rdacontent 
337 |a bez média  |b n  |2 rdamedia 
338 |a svazek  |b nc  |2 rdacarrier 
490 1 |a Čteme sami. Genetická metoda : stupeň C 
520 2 |a Vyprávění o malém čaroději, který nechce být čarodějem, jak si přejí jeho rodiče, ale touží se stát kouzelníkem, aby lidem pomáhal.  |b Rodiče zapsali Kvída do prázdninové školy pro čaroděje, kde se má učit, jak škodit lidem. Kvído však nechce být čaroděj, ale kouzelník jako jeho dědeček. Kvídova spolužačka Frída si přeje to samé. Stanou se z nich čarodějové nebo kouzelníci? Nakladatelská anotace. Kráceno. 
521 8 |a Pro čtenáře od 6 let 
650 0 7 |a genetická metoda čtení  |7 ph1054740  |2 czenas 
650 0 9 |a genetic method of reading  |2 eczenas 
655 7 |a české příběhy  |7 fd133973  |2 czenas 
655 7 |a publikace pro děti  |7 fd133156  |2 czenas 
655 9 |a Czech stories  |2 eczenas 
655 9 |a children's literature  |2 eczenas 
700 1 |a Vostrý, Mirek,  |d 1974-  |7 xx0088944  |4 ill 
830 0 |a Čteme sami.  |p Genetická metoda 
900 |a ABA001  |b 19 
928 9 |a Albatros Media - Fragment 
044 |a xr 
787 0 8 |g 0  |i Z cyklu:  |t Čteme sami - genetická metoda 
910 |a RBIT002 
998 |d 338826  |a https://core.palmknihy.cz/api/books/338826/cover?swkan6  |b https://core.palmknihy.cz/api/books/338826/cover/400?swkan6  |c https://core.palmknihy.cz/api/books/338826/cover/50?swkan6  |e 2031-12-31  |g 64  |i 9788025354582  |j https://core.palmknihy.cz/api/books/338826/preview.epub  |k https://core.palmknihy.cz/api/books/338826/preview.pdf  |l   |q 49  |r 1  |s https://www.palmknihy.cz/kniha/338826  |t ebook  |y 2021  |z 0  |v Čteme sami - genetická metoda  |w 0 
999 |d 311453